| 000 | 00671nam a2200205Ia 4500 | ||
|---|---|---|---|
| 008 | 240729s9999 xx 000 0 und d | ||
| 022 | _a2590-017X | ||
| 245 | 0 | _aJournal of Immunotherapy and Precision Oncology | |
| 260 | _aUnited States | ||
| 260 | _bInnovative Healthcare Institute | ||
| 650 | _a Immunologic diseases. Allergy | ||
| 650 | _a Internal medicine | ||
| 650 | _a Internal medicine | ||
| 650 | _a Neoplasms. Tumors. Oncology. Including cancer and carcinogens | Medicine | ||
| 650 | _a Specialties of internal medicine | ||
| 650 | _aMedicine | ||
| 856 | _uhttps://doaj.org/toc/fc7dc119e4854eaf9e7e0600e2f889ba | ||
| 942 | _2ddc | ||
| 942 | _cDOAJEJ | ||
| 999 |
_c68264 _d68264 |
||
| 945 |
_a1 _bMadushi Gamage _c1 _dMadushi Gamage |
||